Movies Quiz

Random Movies Quiz
Score 0/5 Timer 00:45
0 Plays Today
Question Answer Wrong Answers
Faramir was the brother of: Boromir
100%
Aragorn
0%
√Čomer
0%
Prince Imrahil
0%
How did the Fellowship cross the Misty Mountains? Through the Mines of Moria
92.9%
By the pass of Caradhras
0%
At the Gap of Rohan
7.1%
By the stairs of Cirith Ungol
0%
What did Frodo steal from Farmer Maggot in his youth? Mushrooms
85.7%
A golden ring
0%
A dozen bottles of Old Winyards
0%
Pipeweed
14.3%
Who is the Lord of the Rings? Sauron
85.7%
Frodo Baggins
7.1%
Saruman the White
7.1%
AragornAragorn
0%
What is an ent? A tree-herder
78.6%
A tree
21.4%
A female elf
0%
An elf-lord
0%
Remove Ads.
Support Sporcle.
Get the best of Sporcle when you Go Orange. This ad-free experience offers more features, more stats, and more fun while also helping to support Sporcle. Thank you for becoming a member.

You're not logged in!

Compare scores with friends on all Sporcle quizzes.
OR
Log In

Sporcle TV

Today on Sporcle TV


Watch our educational content, quiz creation guides, and fun videos on Sporcle TV.

Show Comments

Extras

Created May 14, 2020ReportNominate
Tags:lord, Ring

Top Quizzes Today


Score Distribution

Paid Content

Your Account Isn't Verified!

In order to create a playlist on Sporcle, you need to verify the email address you used during registration. Go to your Sporcle Settings to finish the process.

Report this User

Report this user for behavior that violates our Community Guidelines.

Details: